000 01106nam0a22002771 4500
001 rc\4648493
005 20250612142200.0
021 _aRU
_b[61-9768]
035 _a(NLR Aleph) 008689992
090 _a9232655
_c9232655
100 _a20130416d1961 |||y0rusy50 ca
101 0 _arus
102 _aRU
105 _aab z |||||
200 1 _aГеологическая экскурсия на Южный Олений остров и Волкоостров
_fКарел. филиал Акад. наук СССР
210 _aПетрозаводск
_cГосиздат Карел. АССР
_d1961
215 _a58 с.
_cил., карт.
_d17
606 _aГеологические экскурсии
_yКарельская АССР
_2psbo
700 1 _aСоколов
_bВ. А.
_cд-р геол.-минерал. наук
_f1927-1999
_gВладимир Алексеевич
_9219589
_3RU\NLR\AUTH\770219645
701 1 _aБутин
_bР.В.
_gРемир Васильевич
801 0 _aRU
_bNLR
_gpsbo
801 1 _aRU
_bELAR
_2rusmarc
852 _aNLR
_j61-2/449
942 _cBOOK
980 _aNB